Φεραυγής γραμματική πρακτική της παλαιάς ελληνικής γλώσσης
Saved in:
| Main Author: | |
|---|---|
| Other Authors: | |
| Format: | Book |
| Language: | Greek |
| Published: |
Εν Βιέννη της Αουστρίας :
Εκ της Τυπογραφίας του Ιω. Βαρθολ. Τζβεκίου πρώην Βενδώτου,
1811.
|
| Subjects: | |
| Online Access: | http://hdl.handle.net/11610/16623 |
| Tags: |
Add Tag
No Tags, Be the first to tag this record!
|
MARC
| LEADER | 00000cam a2200000 i 4500 | ||
|---|---|---|---|
| 001 | 1/63718 | ||
| 008 | 150115s1811 gr | ||| |||| ||gre|| | ||
| 035 | |l 10120462 | ||
| 040 | |a GR-MyUA |b gre |e AACR2 | ||
| 041 | 0 | |a gre | |
| 082 | 0 | |a 485 |2 (23) | |
| 100 | 1 | |a Ευθυμίου, Βασίλειος Π. | |
| 245 | 1 | 0 | |a Φεραυγής γραμματική πρακτική της παλαιάς ελληνικής γλώσσης / |c συνταχθείσα εις την νέαν ελληνικήν κατά την μεθοδικωτάτην Λατινο-Γερμανικήν του Βρεδέρου υπό Βασιλείου Π. π. Ευθυμίου Κωνσταντζιώτου. |
| 260 | |a Εν Βιέννη της Αουστρίας : |b Εκ της Τυπογραφίας του Ιω. Βαρθολ. Τζβεκίου πρώην Βενδώτου, |c 1811. | ||
| 300 | |a μ', [480] σ. ; |c 20 εκ. | ||
| 500 | |a Παιδείας ένεκα τών τήν Ελλάδα φωνήν διδασκομένων Γραικών. | ||
| 500 | |a Υπάρχει ψηφιακό αντίγραφο. | ||
| 505 | 0 | |a Hς βιβλία πέντε Τεχνολογικόν - Ορθογραφικόν - Συντακτικόν - Διαλεκτικόν - και Ποιητικόν. | |
| 650 | 0 | 0 | |a Greek language, Medieval and late |x Grammar. |
| 650 | 0 | 0 | |a Classical philology. |
| 700 | 1 | |a Κωσαντζιώτης, Ευθύμιος. | |
| 852 | |a INST |b SAMOS |c PORFYRIADA |e 20150115 |h 485 ΕΥΘ |p 005300041211 |q 005300041211 |t NOLOAN |y 23 | ||
| 856 | |u http://hdl.handle.net/11610/16623 | ||
| 901 | |a BIBL3-2015-1 | ||
| 909 | |a Σ |b 185803 | ||
| 970 | |a ΣΙΤΖΙΜΗ |b ΓΙΑΣΕΜΗ |z 2015/01/15 | ||